Комментарий к Трудовому кодексу Российской Федерации (Запись № 9834372)

Подробности
000 -МАРКЕР
контрольное поле 01851nam0a2200361 i 4500
001 - ИДЕНТИФИКАТОР ЗАПИСИ
контрольное поле RU\NLR\BIBL_A\010426276
005 - ИДЕНТИФИКАТОР ВЕРСИИ
контрольное поле 20260409063815.0
010 ## - МЕЖДУНАРОДНЫЙ СТАНДАРТНЫЙ НОМЕР КНИГИ (ISBN)
Номер (ISBN) 9785392135318
Тираж 3000
021 ## - НОМЕР ГОСУДАРСТВЕННОЙ РЕГИСТРАЦИИ
Код страны Российская Федерация
Номер 2014-37647
Номер Листа государственной регистраци 2292
035 ## - ДРУГИЕ СИСТЕМНЫЕ НОМЕРА
Идентификатор записи (NILC)RuMoRGB-007496657
035 ## - ДРУГИЕ СИСТЕМНЫЕ НОМЕРА
Идентификатор записи (NLR Aleph) 010426276
100 ## - ДАННЫЕ ОБЩЕЙ ОБРАБОТКИ
Данные общей обработки 20140718d2014 k y0rusy50 ca
101 0# - ЯЗЫК РЕСУРСА
Язык текста, звукозаписи и т.д. русский
102 ## - СТРАНА ПУБЛИКАЦИИ ИЛИ ПРОИЗВОДСТВА
Страна публикации Российская Федерация
105 ## - ПОЛЕ КОДИРОВАННЫХ ДАННЫХ: ТЕКСТОВЫЕ МАТЕРИАЛЫ, МОНОГРАФИЧЕСКИЕ
Кодированные данные о монографическом текстовом документе y|||n|||000yy
200 1# - ЗАГЛАВИЕ И СВЕДЕНИЯ ОБ ОТВЕТСТВЕННОСТИ
Основное заглавие Комментарий к Трудовому кодексу Российской Федерации
Сведения, относящиеся к заглавию с учетом Федеральных законов № 204-ФЗ, 317-ФЗ, 421-ФЗ
Первые сведения об ответственности [Э. Н. Бондаренко и др.]
Последующие сведения об ответственности под ред. засл. деят. науки РФ, д.ю.н., проф., акад. РАСН К. Н. Гусова, д.ю.н., проф. Э. Г. Тучковой
205 ## - СВЕДЕНИЯ ОБ ИЗДАНИИ
Сведения об издании 9-е изд., перераб. и доп.
210 ## - ПУБЛИКАЦИЯ, РАСПРОСТРАНЕНИЕ И ДР.
Место издания, распространения и т.д. Москва
Имя издателя, распространителя и т. д. Проспект
Дата издания, распространения и т.д. 2014
215 ## - ФИЗИЧЕСКАЯ ХАРАКТЕРИСТИКА
Специфическое обозначение материала и объем 1008 с.
Размеры 22
225 1# - СЕРИЯ
Основное заглавие серии Кодекс
604 ## - ИМЯ И ЗАГЛАВИЕ КАК ПРЕДМЕТ
Связываемые данные 71001$aРоссийская Федерация
-- 500##$aТрудовой кодекс$jКомментарии$2nlr_sh2$3RU\NLR\AUTH\661351562
Идентификатор авторитетной/нормативной записи RU\NLR\AUTH\661351562
Имя лица Российская Федерация
Заглавие Трудовой кодекс
Формальный подзаголовок Комментарии
Системный номер авторитетной/нормативной записи 2253510
675 ## - УНИВЕРСАЛЬНАЯ ДЕСЯТИЧНАЯ КЛАССИФИКАЦИЯ (UDC/УДК)
Индекс 349.2
686 1# - ИНДЕКСЫ ДРУГИХ КЛАССИФИКАЦИЙ
Индекс Х627-324.9(2Р)
702 #1 - ИМЯ ЛИЦА - ВТОРИЧНАЯ ОТВЕТСТВЕННОСТЬ
Начальный элемент ввода Бондаренко
Часть имени, кроме начального элемента ввода Э. Н.
Расширение инициалов личного имени Эльвира Николаевна
Код отношения Составитель
702 #1 - ИМЯ ЛИЦА - ВТОРИЧНАЯ ОТВЕТСТВЕННОСТЬ
Код отношения Редактор
Графика поля Кириллица
Материалы, к которым относится поле rus
Начальный элемент ввода Гусов
Часть имени, кроме начального элемента ввода К. Н.
Расширение инициалов личного имени Кантемир Николаевич
Системный номер авторитетной/нормативной записи 111873
Идентификатор авторитетной/нормативной записи RU\NLR\AUTH\771855
741 #1 - УСЛОВНОЕ НАИМЕНОВАНИЕ / ЗАГЛАВИЕ ДЛЯ ЗАКОНОДАТЕЛЬНЫХ И РЕЛИГИОЗНЫХ ТЕКСТОВ - АЛЬТЕРНАТИВНАЯ ОТВЕТСТВЕННОСТЬ
Начальный элемент ввода Российская Федерация
Название раздела или части Трудовой кодекс
Обозначение вида документа Законы
-- 425369
Идентификатор авторитетной/нормативной записи RU\NLR\AUTH\880379489
801 #0 - ИСТОЧНИК ЗАПИСИ
Страна Российская Федерация
Организация RuMoRKP
Дата составления 20100830
Правила каталогизации RCR
801 #2 - ИСТОЧНИК ЗАПИСИ
Страна Российская Федерация
Организация РГБ
Дата составления 20140523
Правила каталогизации rcr
942 ## - ДОПОЛНИТЕЛЬНЫЕ ЭЛЕМЕНТЫ ЗАПИСИ (АБИС)
Тип экземпляра АБИС Книга
980 ## - КОЛЛЕКЦИЯ
Название коллекции НБР

Нет доступных экземпляров.